000 00565nam a22002297a 4500
003 UA-OsUOA
001 95525
007 ta
008 20130304b un ||||| |||| 00| 0 ukr d
100 _aКестнер Э.
090 _a821.182.2
_bК36
942 _cBK
040 _aUA-OsUOA
_brus
_cUA-OsUOA
_dUA-OsUOA
245 _aПовести
300 _a480 с.
955 _a3
041 _arus
080 _a821.182.2
260 _aМ.
_bПравда
_c1985
650 7 _a82 Література. Літературознавство
_2UDC
999 _c381777
_d381777